000 00369nam a2200145Ia 4500
999 _c7577
_d7577
008 191201s2012 xx 000 0 und d
020 _a9780977858255
100 _aGoyal, Manish
245 0 _aComputer Based numerical & Statistical Techniques
250 _aRep
260 _c2012
_bLaxmi Publications
_aN.Delhi
300 _a588
650 _aMCA
942 _2ddc
_cBB
_01